<?xml version="1.0" encoding="UTF-8"?>
<collection xmlns="http://www.loc.gov/MARC21/slim">
 <record>
  <leader>00861nam a22002295a 4500</leader>
  <controlfield tag="001">EHU.bham052659</controlfield>
  <controlfield tag="008">250924s2024##################000#0#####d</controlfield>
  <controlfield tag="005">20250924111152.0</controlfield>
  <datafield tag="245" ind1="1" ind2="0">
   <subfield code="a">Monólogo del tanque /</subfield>
   <subfield code="c">comp. por Carlos Ríos, Francisco Pourtalé.</subfield>
  </datafield>
  <datafield tag="260" ind1=" " ind2=" ">
   <subfield code="a">La Plata :</subfield>
   <subfield code="b">Bonaerenses,</subfield>
   <subfield code="c">2024.</subfield>
  </datafield>
  <datafield tag="300" ind1=" " ind2=" ">
   <subfield code="a">23 p.</subfield>
  </datafield>
  <datafield tag="490" ind1="1" ind2=" ">
   <subfield code="a">Donde hay una necesidad / Palabras libres ;</subfield>
   <subfield code="v">1</subfield>
  </datafield>
  <datafield tag="500" ind1=" " ind2=" ">
   <subfield code="a">Producciones del Taller literario de la Escuela de Educación Primaria de Adultos 701.</subfield>
  </datafield>
  <datafield tag="020" ind1=" " ind2=" ">
   <subfield code="a">9789878286129</subfield>
  </datafield>
  <datafield tag="700" ind1="1" ind2=" ">
   <subfield code="a">Ríos, Carlos, comp.</subfield>
  </datafield>
  <datafield tag="700" ind1="1" ind2=" ">
   <subfield code="a">Pourtalé, Francisco, comp.</subfield>
  </datafield>
  <datafield tag="082" ind1="A" ind2="8">
   <subfield code="a">A868.5 M751</subfield>
  </datafield>
  <datafield tag="653" ind1=" " ind2=" ">
   <subfield code="a">Literatura argentina</subfield>
  </datafield>
  <datafield tag="653" ind1=" " ind2=" ">
   <subfield code="a">Literatura infantil y juvenil argentina</subfield>
  </datafield>
  <datafield tag="653" ind1=" " ind2=" ">
   <subfield code="a">Literatura regional argentina</subfield>
  </datafield>
  <datafield tag="653" ind1=" " ind2=" ">
   <subfield code="a">Talleres literarios-producción de</subfield>
  </datafield>
  <datafield tag="859" ind1=" " ind2=" ">
   <subfield code="a">AR-BHAM</subfield>
   <subfield code="b">BIB. HUMANIDADES - General</subfield>
   <subfield code="h">A868.5</subfield>
   <subfield code="i">M751</subfield>
   <subfield code="p">77.25</subfield>
   <subfield code="t">1</subfield>
  </datafield>
 </record>
</collection>
